[Event "Bad Woerishofen Seniors op 32nd"]
[Site "Bad Woerishofen"]
[Date "2016.03.03"]
[Round "7"]
[White "Kurpiela, Franz"]
[Black "Blutharsch, Walter"]
[Result "0-1"]
[WhiteElo "1722"]
[BlackElo "1854"]
[PlyCount "98"]
[EventDate "2016.02.26"]
[EventType "swiss"]
[EventRounds "9"]
[EventCountry "GER"]
[SourceTitle "EXT 2019"]
[Source "ChessBase"]
[SourceDate "2018.10.10"]
[SourceVersion "1"]
[SourceVersionDate "2018.10.10"]
[SourceQuality "1"]

1. e4 e5 2. Nf3 Nc6 3. Bb5 a6 4. Ba4 Nf6 5. d3 d6 6. Bxc6+ bxc6 7. Bg5 Be7 8. 0-0 0-0 9. Nbd2 Rb8 10. b3 Bg4 11. h3 Be6 12. d4 h6 13. Bh4 exd4 14. Nxd4 Bd7 15. Qe2 Nh7 16. Bxe7 Qxe7 17. Qxa6 Qg5 18. N4f3 Qf4 19. Rfe1 Rb5 20. Qa7 Ng5 21. Re3 Ne6 22. Rd1 Rh5 23. g3 Qf6 24. h4 c5 25. e5 dxe5 26. Ne4 Qe7 27. Qa6 Nd4 28. Qd3 Nxf3+ 29. Rxf3 Bg4 30. Rd2 f5 31. Qd5+ Kh8 32. Rc3 fxe4 33. Qxe4 Qe6 34. a4 Bf5 35. Qe2 Qg6 36. Kh2 Be4 37. f3 Ba8 38. Qd1 e4 39. f4 Rhf5 40. Rd8 Qf6 41. Rxf8+ Qxf8 42. Re3 Rd5 43. Qe1 Qd6 44. Rxe4 Rd1 45. Re8+ Kh7 46. Rh8+ Kxh8 47. Qe8+ Kh7 48. Qxa8 Rd2+ 49. Kh3 Qe6+ 0-1

[Event "Wuerttemberg-ch Seniors op 26th"]
[Site "Freudenstadt"]
[Date "2014.07.16"]
[Round "1"]
[White "Szenetra, Werner"]
[Black "Blutharsch, Walter"]
[Result "1-0"]
[WhiteElo "2216"]
[BlackElo "1902"]
[PlyCount "74"]
[EventDate "2014.07.16"]
[EventType "swiss"]
[EventRounds "9"]
[EventCountry "GER"]
[SourceTitle "EXT 2019"]
[Source "ChessBase"]
[SourceDate "2018.10.10"]
[SourceVersion "1"]
[SourceVersionDate "2018.10.10"]
[SourceQuality "1"]

1. Nf3 d5 2. g3 Nc6 3. Bg2 e5 4. d3 Nf6 5. 0-0 Be7 6. Nbd2 0-0 7. e4 dxe4 8. dxe4 Bg4 9. h3 Bh5 10. g4 Bg6 11. Qe2 Nd7 12. Rd1 Qc8 13. Nf1 Nc5 14. Ng3 Ne6 15. c3 Re8 16. Nf5 Bc5 17. b4 Bb6 18. b5 Na5 19. Nxe5 Nc5 20. Nxg6 hxg6 21. Ng3 Qe6 22. Ba3 Nc4 23. Bxc5 Bxc5 24. Qf1 Na3 25. Rd5 Qb6 26. c4 c6 27. bxc6 bxc6 28. Rd3 Qa6 29. Rc1 Rab8 30. Rb3 Red8 31. Qe2 Qa4 32. Rxb8 Rxb8 33. e5 Bd4 34. e6 fxe6 35. Qxe6+ Kh7 36. Be4 Rf8 37. Qxg6+ Kh8 1-0

[Event "Bayern-ch Seniors 24nd"]
[Site "Bergen"]
[Date "2012.06.20"]
[Round "5"]
[White "Blutharsch, Walter"]
[Black "Maugg, Ludwig"]
[Result "1/2-1/2"]
[WhiteElo "1759"]
[BlackElo "1863"]
[PlyCount "28"]
[EventDate "2012.06.16"]
[EventType "swiss"]
[EventRounds "9"]
[EventCountry "GER"]
[SourceTitle "EXT 2015"]
[Source "ChessBase"]
[SourceDate "2014.11.20"]
[SourceVersion "1"]
[SourceVersionDate "2014.11.20"]
[SourceQuality "1"]

1. e4 c5 2. Nf3 Nc6 3. d4 cxd4 4. Nxd4 Nf6 5. Nc3 e5 6. Ndb5 d6 7. Bd3 a6 8. Na3 b5 9. Nd5 Nxd5 10. exd5 Ne7 11. 0-0 Ng6 12. Be3 Be7 13. c4 bxc4 14. Nxc4 Rb8 1/2-1/2

[Event "Bad Woerishofen Seniors op 28th"]
[Site "Bad Woerishofen"]
[Date "2012.03.10"]
[Round "9.31"]
[White "Hansch, Klaus Michael"]
[Black "Blutharsch, Walter"]
[Result "1-0"]
[WhiteElo "1738"]
[BlackElo "1720"]
[PlyCount "65"]
[EventDate "2012.03.02"]
[EventType "swiss"]
[EventRounds "9"]
[EventCountry "GER"]
[SourceTitle "EXT 2022"]
[Source "ChessBase"]
[SourceDate "2021.10.06"]
[SourceVersion "1"]
[SourceVersionDate "2021.10.06"]
[SourceQuality "1"]

1. d4 d5 2. Nc3 Nf6 3. Bg5 e6 4. e4 Be7 5. e5 Nfd7 6. Bxe7 Qxe7 7. f4 c5 8. Nb5 Nb6 9. Nd6+ Kf8 10. dxc5 Na4 11. b3 Nc3 12. Qf3 Ne4 13. Bd3 Nc6 14. Bxe4 dxe4 15. Qxe4 Qc7 16. c3 Nd8 17. Qe3 Bd7 18. Ne2 Ke7 19. 0-0 f5 20. exf6+ gxf6 21. Nd4 Rg8 22. b4 Nf7 23. N4f5+ Kf8 24. Nxf7 Kxf7 25. Nh6+ Ke7 26. Nxg8+ Rxg8 27. Rf2 Rg4 28. Rd1 h5 29. Qd3 f5 30. Qd4 h4 31. Qh8 Qc6 32. h3 Qa4 33. Rdd2 1-0

[Event "Bayern-ch Seniors 23rd"]
[Site "Bergen"]
[Date "2011.06.02"]
[Round "6"]
[White "Helbig, Dieter"]
[Black "Blutharsch, Walter"]
[Result "1-0"]
[WhiteElo "1875"]
[BlackElo "1759"]
[PlyCount "45"]
[EventDate "2011.05.28"]
[EventType "swiss"]
[EventRounds "9"]
[EventCountry "GER"]
[SourceTitle "EXT 2012"]
[Source "ChessBase"]
[SourceDate "2011.11.24"]
[SourceVersion "1"]
[SourceVersionDate "2011.11.24"]
[SourceQuality "1"]

1. c4 c5 2. Nc3 e6 3. e4 Nc6 4. Nge2 Nf6 5. g3 Be7 6. Bg2 0-0 7. 0-0 a6 8. d4 cxd4 9. Nxd4 Qc7 10. b3 Rd8 11. Nc2 Rb8 12. Be3 b5 13. cxb5 axb5 14. Nd4 Nxd4 15. Qxd4 e5 16. Qd3 Qa5 17. Rfd1 d5 18. Nxd5 Nxd5 19. exd5 Bb7 20. Qf5 Qa8 21. Be4 g6 22. Qxe5 Qa6 23. Qxe7 1-0

[Event "Bayern-ch Seniors 22nd"]
[Site "Bergen"]
[Date "2010.06.19"]
[Round "8"]
[White "Blutharsch, Walter"]
[Black "Wahl, Frithjof"]
[Result "1/2-1/2"]
[WhiteElo "1786"]
[BlackElo "1863"]
[PlyCount "46"]
[EventDate "2010.06.12"]
[EventType "swiss"]
[EventRounds "9"]
[EventCountry "GER"]
[SourceTitle "EXT 2011"]
[Source "ChessBase"]
[SourceDate "2010.11.26"]
[SourceVersion "1"]
[SourceVersionDate "2010.11.26"]
[SourceQuality "1"]

1. e4 g6 2. d4 Bg7 3. Nf3 d6 4. h3 c5 5. c3 b6 6. Bd3 Bb7 7. 0-0 Nd7 8. Be3 Ngf6 9. Nbd2 0-0 10. Rc1 c4 11. Bb1 b5 12. Nh2 e5 13. f4 exd4 14. cxd4 d5 15. e5 Ne4 16. Nxe4 dxe4 17. d5 f5 18. Rc2 Bxe5 19. fxe5 Nxe5 20. b3 Bxd5 21. Rd2 Nd3 22. bxc4 bxc4 23. Bxd3 cxd3 1/2-1/2

[Event "Bayern-ch Seniors 22nd"]
[Site "Bergen"]
[Date "2010.06.14"]
[Round "3"]
[White "Schumacher, Gottfried"]
[Black "Blutharsch, Walter"]
[Result "1-0"]
[WhiteElo "2231"]
[BlackElo "1786"]
[PlyCount "51"]
[EventDate "2010.06.12"]
[EventType "swiss"]
[EventRounds "9"]
[EventCountry "GER"]
[SourceTitle "EXT 2011"]
[Source "ChessBase"]
[SourceDate "2010.11.26"]
[SourceVersion "1"]
[SourceVersionDate "2010.11.26"]
[SourceQuality "1"]

1. d4 d5 2. c4 c6 3. e3 Nf6 4. Nc3 Bf5 5. Nf3 e6 6. Be2 Bd6 7. Nh4 Bg6 8. f4 Ne4 9. Nxg6 hxg6 10. Nxe4 dxe4 11. Qc2 f5 12. Bd2 Nd7 13. c5 Bc7 14. Qb3 Kf7 15. Qxb7 Rb8 16. Qxc6 Rxb2 17. Bc4 Nf8 18. d5 Rxd2 19. Kxd2 g5 20. Rab1 gxf4 21. Rb7 fxe3+ 22. Kc2 Kg8 23. Qxc7 Qg5 24. g3 Qf6 25. dxe6 Qd4 26. Qf7+ 1-0

[Event "Bad Woerishofen Seniors op 24th"]
[Site "Bad Woerishofen"]
[Date "2008.02.28"]
[Round "1"]
[White "Buss, Richard"]
[Black "Blutharsch, Walter"]
[Result "0-1"]
[WhiteElo "1394"]
[BlackElo "1726"]
[PlyCount "108"]
[EventDate "2008.02.28"]
[EventType "swiss"]
[EventRounds "9"]
[EventCountry "GER"]
[SourceTitle "EXT 2022"]
[Source "ChessBase"]
[SourceDate "2021.10.06"]
[SourceVersion "1"]
[SourceVersionDate "2021.10.06"]
[SourceQuality "1"]

1. e4 e5 2. Nf3 Nc6 3. d4 exd4 4. Nxd4 Bc5 5. c3 d6 6. Be3 Nf6 7. f3 0-0 8. Nd2 d5 9. Nxc6 bxc6 10. Bxc5 Re8 11. Bd3 dxe4 12. Nxe4 Nd7 13. Bf2 f5 14. Bc4+ Kh8 15. Bd3 Nf6 16. 0-0 fxe4 17. fxe4 Bg4 18. Qc2 Nd7 19. Rae1 Ne5 20. Be2 Be6 21. b3 a5 22. Bd4 Nd7 23. Rd1 Qe7 24. Bf2 c5 25. Bb5 Reb8 26. Bc6 Ra6 27. Bd5 Bg4 28. Rd2 Rg6 29. Bg3 Nf6 30. e5 Nxd5 31. Rxd5 Be6 32. Rd2 c4 33. bxc4 Bxc4 34. Rff2 Rgb6 35. h3 Rb1+ 36. Kh2 Ra1 37. Qf5 Bg8 38. Rf1 Rxf1 39. Qxf1 Qc5 40. Qd3 Qc6 41. Qc2 a4 42. Qc1 Qc5 43. a3 Rb3 44. Rd3 Rxa3 45. Qe1 Qc6 46. Qc1 Ra2 47. Rd2 Rxd2 48. Qxd2 a3 49. Qc1 a2 50. Qa3 Qb6 51. Qa8 Qb1 52. e6 a1Q 53. Qxg8+ Kxg8 54. e7 Qg1# 0-1

[Event "Wuerttemberg-ch Seniors 18th"]
[Site "Freudenstadt"]
[Date "2006.05.05"]
[Round "2"]
[White "Stadt, Hans"]
[Black "Blutharsch, Walter"]
[Result "1-0"]
[WhiteElo "1937"]
[BlackElo "1714"]
[PlyCount "113"]
[EventDate "2006.05.04"]
[EventType "swiss"]
[EventRounds "9"]
[EventCountry "GER"]
[SourceTitle "EXT 2007"]
[Source "ChessBase"]
[SourceDate "2006.11.23"]
[SourceVersion "1"]
[SourceVersionDate "2006.11.23"]
[SourceQuality "1"]

1. d4 d5 2. c4 c6 3. cxd5 cxd5 4. Nf3 Nf6 5. Nc3 e6 6. Bf4 Bd7 7. e3 Be7 8. Ne5 0-0 9. Bd3 Be8 10. 0-0 Nc6 11. Rc1 Rc8 12. a3 Nd7 13. Nxc6 Rxc6 14. Qe2 f5 15. f3 a6 16. e4 fxe4 17. fxe4 Rxf4 18. Rxf4 Bg5 19. Rcf1 Bxf4 20. Rxf4 Bf7 21. exd5 exd5 22. Bxh7+ Kxh7 23. Rxf7 Kg8 24. Re7 Kf8 25. Re3 Nf6 26. g4 b5 27. Re5 Qb6 28. Qf2 Kg8 29. g5 Ne4 30. Re8+ Kh7 31. Nxe4 dxe4 32. Rxe4 Rc1+ 33. Kg2 Qc6 34. Qf5+ g6 35. Qf7+ Kh8 36. Qe8+ Kg7 37. Qxc6 Rxc6 38. Kf3 Kf7 39. h4 Rc2 40. Re2 Rc1 41. Ke4 Rh1 42. Rf2+ Kg7 43. Rf4 Rh2 44. d5 Rxb2 45. d6 Rd2 46. Ke5 a5 47. Ke6 Re2+ 48. Kd7 Re3 49. Kc7 Rc3+ 50. Kb6 Rd3 51. Kc5 b4 52. axb4 axb4 53. Rxb4 Kf7 54. Rf4+ Kg7 55. Rd4 Rc3+ 56. Kd5 Rc8 57. d7 1-0